[Event "1. OEsterreichische Internet Schach Meisterschaft - Vorrunde 1"]
[Site "Online - Playchess.com"]
[Date ""]
[Round "7"]
[Board "9"]
[White "Bauer, Sebastian"]
[Black "Frank, Paul"]
[Result "1-0"]
[WhiteElo "2237"]
[BlackElo "2210"]
[PlyCount "75"]
[EventDate "2020.04.11"]
[EventRounds "9"]
[EventCountry "AUT"]

1. Nf3 Nf6 2. d4 g6 3. c4 Bg7 4. Nc3 d5 5. g3 O-O 6. Bg2 dxc4 7. O-O Nc6 8. Bf4
Nh5 9. Be3 h6 10. Qa4 Be6 11. Rfd1 Bd7 12. Qxc4 a6 13. b4 Nf6 14. Rac1 Ne8 15.
Qb3 Nd6 16. d5 Na7 17. Na4 Bxa4 18. Qxa4 Nf5 19. Bf4 Nb5 20. Qb3 g5 21. Be5 g4
22. Bxg7 gxf3 23. Bxf8 fxg2 24. Qd3 Nbd6 25. e4 Qxf8 26. exf5 Rc8 27. Re1 c6
28. dxc6 Rxc6 29. Rxc6 bxc6 30. Qxa6 Nxf5 31. Qxc6 Nd4 32. Qd5 e5 33. Kxg2 Qxb4
34. Qxe5 Qb7+ 35. Qe4 Qb4 36. Qg4+ Kh8 37. Re8+ Kh7 38. Qg8#  1-0

[Event "1. OEsterreichische Internet Schach Meisterschaft - Vorrunde 1"]
[Site "Online - Playchess.com"]
[Date ""]
[Round "7"]
[Board "10"]
[White "Schernthaner, David"]
[Black "Trippold, Denise"]
[Result "1-0"]
[WhiteElo "2220"]
[BlackElo "2150"]
[PlyCount "59"]
[EventDate "2020.04.11"]
[EventRounds "9"]
[EventCountry "AUT"]

1. e4 c5 2. Nf3 e6 3. c3 Nf6 4. e5 Nd5 5. Bc4 Nb6 6. Bb3 c4 7. Bc2 Nc6 8. O-O
d6 9. exd6 Bxd6 10. d4 Nd5 11. Nbd2 Nb6 12. Ne4 Bc7 13. Bg5 f6 14. Bh4 Bd7 15.
Re1 Nd5 16. Nc5 Kf7 17. Nxb7 Qc8 18. Nc5 Rb8 19. Rb1 h5 20. Qe2 Re8 21. Qe4 Nf4
22. Bg3 f5 23. Ng5+ Kg8 24. Qf3 Nd5 25. Bxc7 Nxc7 26. Qxh5 Nd5 27. Qf7+ Kh8 28.
Nxd7 Re7 29. Qh5+ Kg8 30. Qh7#  1-0

[Event "1. OEsterreichische Internet Schach Meisterschaft - Vorrunde 1"]
[Site "Online - Playchess.com"]
[Date ""]
[Round "7"]
[Board "11"]
[White "Hofmann, Thomas"]
[Black "Borrmann, Laurenz"]
[Result "0-1"]
[WhiteElo "2215"]
[BlackElo "1880"]
[PlyCount "102"]
[EventDate "2020.04.11"]
[EventRounds "9"]
[EventCountry "AUT"]

1. d4 Nf6 2. c4 g6 3. Nc3 d5 4. cxd5 Nxd5 5. e4 Nxc3 6. bxc3 Bg7 7. Qa4+ c6 8.
Nf3 O-O 9. Be2 Nd7 10. O-O e5 11. Ba3 Re8 12. d5 cxd5 13. exd5 Nb6 14. Qc2 Bf5
15. Qb2 Qxd5 16. Rfd1 Qc6 17. Rac1 Nc4 18. Bxc4 Qxc4 19. Qxb7 Qxa2 20. Bc5 Qc4
21. Be3 Be4 22. Qb4 Qc6 23. Ne1 Rab8 24. Qa5 a6 25. c4 Bf5 26. c5 e4 27. Rd6
Qb5 28. Rxa6 Qe2 29. c6 Bb2 30. Qa2 Be6 31. Qb1 Bxc1 32. Qxc1 Qxa6 33. h3 Rbc8
34. c7 Qd6 35. Bf4 Qd7 36. Kh2 Bd5 37. Qc5 Qc6 38. Qd4 Re7 39. Bg5 Rexc7 40.
Bh6 Qc3 41. Qb6 Qxe1 42. Qd4 Qc3 43. Qxd5 Qf6 44. Bg5 Qe6 45. Qd4 Rd7 46. Qe3
Re8 47. g3 Qf5 48. h4 Rd3 49. Qb6 e3 50. fxe3 Rd2+ 51. Kg1 Qf3 {Bauxi435 gibt
auf}  0-1

[Event "1. OEsterreichische Internet Schach Meisterschaft - Vorrunde 1"]
[Site "Online - Playchess.com"]
[Date ""]
[Round "7"]
[Board "12"]
[White "Juenger, Heinz"]
[Black "Charaus, Florian"]
[Result "0-1"]
[WhiteElo "2165"]
[BlackElo "2055"]
[PlyCount "62"]
[EventDate "2020.04.11"]
[EventRounds "9"]
[EventCountry "AUT"]

1. e4 c6 2. Nf3 d5 3. Nc3 Bg4 4. h3 Bxf3 5. Qxf3 e6 6. Be2 Nd7 7. d4 Qf6 8. Be3
Bb4 9. O-O Ne7 10. Rad1 O-O 11. Qg3 Qg6 12. Qc7 Rad8 13. Qxb7 Bxc3 14. bxc3
dxe4 15. Qxa7 Nf5 16. Bf4 Nf6 17. Be5 Nd5 18. c4 Nc3 19. Rde1 h5 20. Qa3 Nh4
21. Bg3 Nxe2+ 22. Rxe2 Nf5 23. Be5 Nxd4 24. Bxd4 Rxd4 25. Qc3 c5 26. a4 Ra8 27.
a5 e5 28. f3 exf3 29. Rxf3 Qe6 30. Qe3 f6 31. Qa3 Qxc4 {Zeit}  0-1

[Event "1. OEsterreichische Internet Schach Meisterschaft - Vorrunde 1"]
[Site "Online - Playchess.com"]
[Date ""]
[Round "7"]
[Board "13"]
[White "Kilgus, Georg"]
[Black "Platzgummer, Fabian"]
[Result "0-1"]
[WhiteElo "2461"]
[BlackElo "2336"]
[PlyCount "86"]
[EventDate "2020.04.11"]
[EventRounds "9"]
[EventCountry "AUT"]

1. e4 c5 2. Nf3 d6 3. Bb5+ Bd7 4. Bxd7+ Qxd7 5. O-O Nc6 6. c3 Nf6 7. Qe2 e6 8.
d4 cxd4 9. cxd4 d5 10. e5 Ne4 11. Be3 Be7 12. Ne1 h6 13. f3 Ng5 14. Nd3 f5 15.
Nd2 O-O 16. h3 Rfc8 17. Nc5 Bxc5 18. dxc5 d4 19. Bxg5 hxg5 20. Nc4 Qd5 21. Rac1
d3 22. Qe3 f4 23. Qf2 Nxe5 24. Nd6 Rc7 25. b4 Rd8 26. Rfd1 b6 27. Nb5 Rcd7 28.
Rc3 a6 29. Nd6 bxc5 30. bxc5 Rb8 31. Ne4 Rb5 32. Kh2 Rc7 33. Rd2 Rb1 34. Nxg5
Rd7 35. Qh4 Qd4 36. Qh7+ Kf8 37. Qh8+ Ke7 38. Qxg7+ Ke8 39. Qg8+ Ke7 40. Qg7+
Ke8 41. Qg8+ Ke7 42. Qf7+ Nxf7 43. Nxe6 Kxe6  0-1

[Event "1. OEsterreichische Internet Schach Meisterschaft - Vorrunde 1"]
[Site "Online - Playchess.com"]
[Date ""]
[Round "7"]
[Board "14"]
[White "Strodl, Joachim"]
[Black "Schnider, Gert"]
[Result "1/2-1/2"]
[WhiteElo "2137"]
[BlackElo "2423"]
[PlyCount "113"]
[EventDate "2020.04.11"]
[EventRounds "9"]
[EventCountry "AUT"]

1. d4 Nf6 2. Nf3 d5 3. g3 e6 4. Bg2 Be7 5. O-O b5 6. a4 b4 7. c4 bxc3 8. Nxc3
O-O 9. Ne5 c5 10. e4 Bb7 11. exd5 exd5 12. Be3 Qc7 13. Nb5 Qb6 14. Rc1 c4 15.
b3 cxb3 16. Nc7 b2 17. Rc2 Na6 18. Nxa8 Rxa8 19. Qb1 Ba3 20. Bg5 Nb4 21. Re2
Ba6 22. Bxf6 Qxf6 23. Rxb2 Bxb2 24. Qxb2 Bxf1 25. Bxf1 Nc6 26. Qb7 Rb8 27. Qxc6
Qxc6 28. Nxc6 Rb1 29. Kg2 Ra1 30. Nxa7 Rxa4 31. Nc6 Kf8 32. Kf3 f6 33. Ke3 Ra3+
34. Bd3 g6 35. Nb4 Ra5 36. h4 Kf7 37. h5 Kg7 38. hxg6 hxg6 39. Nc6 Ra3 40. Nd8
f5 41. Ne6+ Kf6 42. Nf4 Ra5 43. f3 g5 44. Nh5+ Kg6 45. g4 Ra3 46. Ng3 Kf6 47.
Nxf5 Ra1 48. Nd6 Re1+ 49. Be2 Ra1 50. Nf5 Ra3+ 51. Bd3 Ra1 52. Ng3 Re1+ 53. Be2
Ra1 54. Nh5+ Ke6 55. Bd3 Ra3 56. Ng7+ Kf6 57. Nf5  1/2-1/2

[Event "1. OEsterreichische Internet Schach Meisterschaft - Vorrunde 1"]
[Site "Online - Playchess.com"]
[Date ""]
[Round "7"]
[Board "15"]
[White "Dietmayer-Kraeutler, Marco"]
[Black "Holzleithner, Johannes"]
[Result "1-0"]
[WhiteElo "2284"]
[BlackElo "1979"]
[PlyCount "73"]
[EventDate "2020.04.11"]
[EventRounds "9"]
[EventCountry "AUT"]

1. d4 Nf6 2. c4 c5 3. d5 b5 4. cxb5 a6 5. b6 Qxb6 6. Nc3 d6 7. Nf3 g6 8. Nd2
Bg7 9. Nc4 Qc7 10. e4 Nbd7 11. Bd3 O-O 12. O-O Nb6 13. Nd2 Nfd7 14. h4 c4 15.
Bc2 Nc5 16. Qe2 Ncd7 17. h5 Bb7 18. Nf3 Ne5 19. Bg5 h6 20. Be3 Kh7 21. Nd4 Nbd7
22. f4 Nd3 23. hxg6+ fxg6 24. Ne6 Qa5 25. Nxf8+ Rxf8 26. Bxd3 cxd3 27. Qxd3 Nc5
28. Qc4 Rc8 29. Rae1 Nd7 30. Qb3 Rc7 31. e5 dxe5 32. fxe5 Nxe5 33. Bb6 Rxc3 34.
Bxa5 Rxb3 35. axb3 Nd3 36. Rxe7 Bxd5 37. Bc3  1-0

[Event "1. OEsterreichische Internet Schach Meisterschaft - Vorrunde 1"]
[Site "Online - Playchess.com"]
[Date ""]
[Round "7"]
[Board "16"]
[White "Neuschmied, Siegfried"]
[Black "Kruckenhauser, Arthur"]
[Result "0-1"]
[WhiteElo "2268"]
[BlackElo "2233"]
[PlyCount "120"]
[EventDate "2020.04.11"]
[EventRounds "9"]
[EventCountry "AUT"]

1. e4 c5 2. Nf3 d6 3. Bb5+ Bd7 4. Bxd7+ Qxd7 5. c4 e6 6. Nc3 Nf6 7. d4 cxd4 8.
Nxd4 Be7 9. O-O O-O 10. Nde2 Nc6 11. Bg5 a6 12. Qd2 Qc7 13. Rad1 Rfd8 14. h3
Rab8 15. Rc1 h6 16. Be3 Rbc8 17. f3 Qb8 18. Bb6 Rd7 19. b3 Bd8 20. Na4 Ne5 21.
Kh1 Rc6 22. Be3 d5 23. Nd4 Rc8 24. exd5 exd5 25. c5 Nh5 26. Rfe1 Bc7 27. Bf2
Ng6 28. Ne2 Re8 29. Nb6 Bxb6 30. cxb6 Rde7 31. Nd4 Ng3+ 32. Kg1 Nh4 33. Rxe7
Rxe7 34. Re1 Rxe1+ 35. Qxe1 Nhf5 36. Qd2 g6 37. Nc2 h5 38. Qxd5 Ne2+ 39. Kf1
Neg3+ 40. Kg1 Ne2+ 41. Kf1 Neg3+ 42. Bxg3 Qxg3 43. Qd2 Qh2 44. Qf2 Ng3+ 45. Ke1
Qh1+ 46. Kd2 Nf1+ 47. Kc3 Nh2 48. Qd2 Qf1 49. Qd8+ Kh7 50. Qd7 Kg7 51. Qd4+ Kh7
52. Kb2 Qxg2 53. Qf4 Kg7 54. Qe5+ Kh7 55. Qc7 Qxf3 56. Nb4 Nf1 57. Nd5 Qxd5 58.
a4 Nd2 59. Qf4 Ne4 60. h4 Qd2+ {Zeit}  0-1

[Event "1. OEsterreichische Internet Schach Meisterschaft - Vorrunde 1"]
[Site "Online - Playchess.com"]
[Date ""]
[Round "7"]
[Board "17"]
[White "Hofstadler, Mario"]
[Black "Gelbenegger, Patrick"]
[Result "0-1"]
[WhiteElo "1867"]
[BlackElo "2240"]
[PlyCount "48"]
[EventDate "2020.04.11"]
[EventRounds "9"]
[EventCountry "AUT"]

1. d4 d5 2. Bg5 Nf6 3. e3 Bf5 4. Bxf6 exf6 5. Nf3 Bd6 6. Be2 c6 7. O-O O-O 8.
c4 dxc4 9. Bxc4 a5 10. Nc3 Bc7 11. a3 Qd6 12. Rc1 Bg4 13. g3 Nd7 14. Be2 Nb6
15. Nd2 Bxe2 16. Qxe2 Rfe8 17. Qd3 a4 18. Nc4 Nxc4 19. Qxc4 Ra5 20. Na2 Qd7 21.
h4 Qh3 22. Nb4 Bxg3 23. fxg3 Qxg3+ 24. Kh1 Rh5  0-1

[Event "1. OEsterreichische Internet Schach Meisterschaft - Vorrunde 1"]
[Site "Online - Playchess.com"]
[Date ""]
[Round "7"]
[Board "18"]
[White "Maierhofer, Johann"]
[Black "Fuchs, Georg"]
[Result "0-1"]
[WhiteElo "2087"]
[BlackElo "2234"]
[PlyCount "120"]
[EventDate "2020.04.11"]
[EventRounds "9"]
[EventCountry "AUT"]

1. e4 e5 2. Nc3 Nf6 3. Bc4 Nc6 4. d3 Be7 5. f4 d6 6. Nf3 O-O 7. O-O Na5 8. fxe5
dxe5 9. Bb3 Nxb3 10. axb3 Bg4 11. Be3 a6 12. Qd2 Bxf3 13. gxf3 Qd7 14. Kh1 Bb4
15. Rg1 Kh8 16. Qg2 Nh5 17. Nd5 Bd6 18. Qg5 Qh3 19. Raf1 f5 20. Qg2 Qxg2+ 21.
Kxg2 fxe4 22. fxe4 Nf4+ 23. Nxf4 exf4 24. Bd4 Kg8 25. Rf3 h6 26. h4 c5 27. Bc3
b5 28. Kh3 Ra7 29. Rg6 Rd7 30. Kg4 b4 31. Bd2 Be5 32. Rxa6 Bxb2 33. Rxf4 Rdf7
34. Rxf7 Rxf7 35. Bf4 h5+ 36. Kg3 Kh7 37. Rc6 Bd4 38. e5 Re7 39. e6 Kg6 40. Kf3
Kf5 41. Be3 Bxe3 42. Kxe3 Rxe6+ 43. Rxe6 Kxe6 44. Ke4 g6 45. d4 cxd4 46. Kxd4
g5 47. hxg5 h4 48. Ke4 h3 49. Kf3 Kf5 50. Kg3 Kxg5 51. Kxh3 Kf4 52. Kg2 Ke3 53.
Kf1 Kd2 54. Kf2 Kxc2 55. Ke3 Kxb3 56. Kd2 Kb2 57. Kd3 b3 58. Kd2 Ka2 59. Kc1
b2+ 60. Kc2 b1=Q+ {Dandi gibt auf}  0-1

[Event "1. OEsterreichische Internet Schach Meisterschaft - Vorrunde 1"]
[Site "Online - Playchess.com"]
[Date ""]
[Round "7"]
[Board "19"]
[White "Hessenberger, Andreas"]
[Black "Meier, Alexander"]
[Result "0-1"]
[WhiteElo "2019"]
[BlackElo "2226"]
[PlyCount "136"]
[EventDate "2020.04.11"]
[EventRounds "9"]
[EventCountry "AUT"]

1. e4 c5 2. c3 Nc6 3. d4 cxd4 4. cxd4 g6 5. f4 Bg7 6. Nf3 Qb6 7. e5 Nh6 8. Nc3
O-O 9. Na4 Qd8 10. Bd2 d6 11. d5 Nb8 12. exd6 exd6 13. Be2 Re8 14. O-O Nf5 15.
Kh1 a6 16. Nc3 Nd7 17. Bd3 Nc5 18. Bc2 Nh4 19. Nxh4 Qxh4 20. Qf3 Bg4 21. Qf2
Qh5 22. h3 Bf5 23. Bxf5 Qxf5 24. Qf3 Qc2 25. Rad1 Qxb2 26. Ne2 f5 27. g4 fxg4
28. hxg4 Ne4 29. Be3 Qxa2 30. f5 Qxe2 31. Qxe2 Ng3+ 32. Kg2 Nxe2 33. Bb6 gxf5
34. gxf5 Bf6 35. Rf2 Nc3 36. Rd3 Kf7 37. Rc2 Rac8 38. Kf3 h5 39. Rh2 h4 40. Rg2
Rg8 41. Rxg8 Kxg8 42. Kg4 Kf7 43. Kh3 Rg8 44. Bd4 Rg3+ 45. Rxg3 hxg3 46. Bxc3
Bxc3 47. Kxg3 Kf6 48. Kf3 Kxf5 49. Ke3 Ke5 50. Kd3 Bd4 51. Kc4 b5+ 52. Kb4 Bb6
53. Kc3 Kxd5 54. Kd3 b4 55. Kd2 a5 56. Kc1 a4 57. Kb1 Kc4 58. Ka2 a3 59. Kb1 b3
60. Kc1 Be3+ 61. Kb1 Kc3 62. Ka1 Kc4 63. Kb1 a2+ 64. Kb2 Bd4+ 65. Kc1 a1=Q+ 66.
Kd2 Qc3+ 67. Ke2 Qe3+ 68. Kf1 Qf2#  0-1

[Event "1. OEsterreichische Internet Schach Meisterschaft - Vorrunde 1"]
[Site "Online - Playchess.com"]
[Date ""]
[Round "7"]
[Board "20"]
[White "Mostbauer, Maximilian"]
[Black "Schloffer, Jasmin-Denise"]
[Result "1-0"]
[WhiteElo "2217"]
[BlackElo "2110"]
[PlyCount "107"]
[EventDate "2020.04.11"]
[EventRounds "9"]
[EventCountry "AUT"]

1. d4 Nf6 2. Nf3 e6 3. g3 d5 4. Bg2 Be7 5. O-O O-O 6. b3 c5 7. Bb2 Nc6 8. Nbd2
b6 9. e3 Ba6 10. c4 Rc8 11. dxc5 Bxc5 12. Re1 dxc4 13. Nxc4 Bxc4 14. bxc4 Qe7
15. Qa4 Nb4 16. Red1 Rfd8 17. Nd4 Bxd4 18. Bxd4 e5 19. Bc3 Nd3 20. Qc2 Nc5 21.
Qf5 Nfd7 22. Bd5 g6 23. Qf3 Nf6 24. Bb4 Nxd5 25. Rxd5 e4 26. Bxc5 bxc5 27. Qg4
f5 28. Rxf5 Qd7 29. Rf4 Qxg4 30. Rxg4 Re8 31. Rd1 Rb8 32. Rd5 Rb2 33. Rxc5 Rxa2
34. h4 Rf8 35. Rf4 Re8 36. Kg2 a5 37. Rc7 Rf8 38. Rxf8+ Kxf8 39. Rxh7 a4 40.
Ra7 a3 41. g4 Ra1 42. Kg3 a2 43. Kf4 Rc1 44. Rxa2 Rxc4 45. Ra5 Kg7 46. Re5 Rc2
47. Kg3 Rc4 48. Ra5 Rb4 49. Ra7+ Kg8 50. Kf4 Rb2 51. Kg5 Rxf2 52. Re7 Kf8 53.
Rxe4 Kf7 54. Rf4+ {Jasey00 gibt auf}  1-0

[Event "1. OEsterreichische Internet Schach Meisterschaft - Vorrunde 1"]
[Site "Online - Playchess.com"]
[Date ""]
[Round "7"]
[Board "21"]
[White "Bachler, Reinhard"]
[Black "Poecksteiner, Johann"]
[Result "0-1"]
[WhiteElo "2143"]
[BlackElo "2155"]
[PlyCount "106"]
[EventDate "2020.04.11"]
[EventRounds "9"]
[EventCountry "AUT"]

1. f4 Nf6 2. Nf3 g6 3. g3 Bg7 4. Bg2 O-O 5. d3 d5 6. O-O c5 7. c3 Nc6 8. Qc2
Qd6 9. e4 dxe4 10. dxe4 e5 11. f5 b6 12. Na3 Ba6 13. Rd1 Qc7 14. Nh4 Rad8 15.
Bg5 Rxd1+ 16. Rxd1 Rd8 17. Bf1 Rxd1 18. Qxd1 Bxf1 19. Kxf1 Nxe4 20. Be3 Ne7 21.
Qd3 Nd6 22. fxg6 hxg6 23. Nc4 Nxc4 24. Qxc4 Qd7 25. Kf2 Bf6 26. Nf3 Qf5 27. Kg2
g5 28. Qe2 Qe4 29. Kf2 g4 30. Nd2 Qf5+ 31. Kg2 Nd5 32. Bg1 Bg5 33. Ne4 b5 34.
Nd6 Qe6 35. Nxb5 e4 36. c4 Nb4 37. Bxc5 Nd3 38. Be3 Be7 39. Nd4 Qd7 40. b3 f5
41. Nb5 a6 42. Nc3 Ne5 43. Nd5 Bd8 44. Bd4 Nf3 45. Qe3 Qh7 46. h4 gxh3+ 47. Kh1
Qg6 48. Qf2 Bg5 49. Nf4 Bxf4 50. gxf4 Kf7 51. Be3 Qd6 52. c5 Qd1+ 53. Qg1 Nxg1
 0-1

[Event "1. OEsterreichische Internet Schach Meisterschaft - Vorrunde 1"]
[Site "Online - Playchess.com"]
[Date ""]
[Round "7"]
[Board "22"]
[White "Iro, Christian"]
[Black "Meglitsch, Konstantin"]
[Result "1-0"]
[WhiteElo "2081"]
[BlackElo "2041"]
[PlyCount "83"]
[EventDate "2020.04.11"]
[EventRounds "9"]
[EventCountry "AUT"]

1. e4 e6 2. d4 d5 3. Nd2 c5 4. exd5 Qxd5 5. Ngf3 cxd4 6. Bc4 Qd6 7. O-O Nf6 8.
Nb3 Nc6 9. Nbxd4 Nxd4 10. Qxd4 a6 11. Rd1 Qxd4 12. Nxd4 Be7 13. c3 O-O 14. Bg5
b5 15. Bb3 Bb7 16. a4 bxa4 17. Rxa4 h6 18. Bh4 g5 19. Bg3 Ne4 20. Rda1 Nc5 21.
R4a3 Nd3 22. R3a2 Bc5 23. Bc4 Bxd4 24. Bxd3 Bc5 25. Bxa6 Bxa6 26. Rxa6 Rxa6 27.
Rxa6 Rd8 28. h3 h5 29. Rc6 Ba7 30. Bd6 h4 31. b4 Kg7 32. c4 Bb8 33. Bxb8 Rxb8
34. b5 Kf6 35. b6 Ke5 36. c5 Kd5 37. Rc7 f5 38. Kf1 e5 39. Ke2 e4 40. b7 f4 41.
c6 Kd6 42. Rc8 {Konstantin gibt auf}  1-0

[Event "1. OEsterreichische Internet Schach Meisterschaft - Vorrunde 1"]
[Site "Online - Playchess.com"]
[Date ""]
[Round "7"]
[Board "23"]
[White "Lerch, Johannes"]
[Black "Morgunov, Marc"]
[Result "1/2-1/2"]
[WhiteElo "2005"]
[BlackElo "2341"]
[PlyCount "41"]
[EventDate "2020.04.11"]
[EventRounds "9"]
[EventCountry "AUT"]

1. e4 c5 2. Nc3 d6 3. g3 g6 4. Bg2 Bg7 5. d3 e5 6. Be3 Ne7 7. Qd2 Nbc6 8. Nge2
Be6 9. O-O O-O 10. f4 Bg4 11. h3 Bxe2 12. Qxe2 Nd4 13. Qd2 Qd7 14. Ne2 f5 15.
Kh2 Rac8 16. c3 Nxe2 17. Qxe2 d5 18. Rad1 d4 19. cxd4 c4 20. dxc4 exd4 21. Bf2
 1/2-1/2

[Event "1. OEsterreichische Internet Schach Meisterschaft - Vorrunde 1"]
[Site "Online - Playchess.com"]
[Date ""]
[Round "7"]
[Board "24"]
[White "Pirker, Christian"]
[Black "Wukits, Rene"]
[Result "1-0"]
[WhiteElo "2167"]
[BlackElo "2312"]
[PlyCount "173"]
[EventDate "2020.04.11"]
[EventRounds "9"]
[EventCountry "AUT"]

1. e4 c5 2. Nf3 d6 3. d3 Nc6 4. g3 Bg4 5. Bg2 Qd7 6. h3 Bh5 7. O-O Nf6 8. a3 e6
9. Nbd2 Be7 10. Rb1 a5 11. Nc4 Qc7 12. a4 O-O 13. Re1 Ne5 14. Na3 Nfd7 15. g4
Bg6 16. Nb5 Qb8 17. Bf4 f6 18. c3 Bf7 19. d4 cxd4 20. cxd4 Nc6 21. Bg3 Nb4 22.
Rc1 Rc8 23. Qd2 e5 24. Rxc8+ Qxc8 25. Rc1 Qd8 26. Rc7 Rc8 27. Rxb7 Rc2 28. Qd1
Bb3 29. dxe5 Qc8 30. exd6 Rc1 31. Qxc1 Qxc1+ 32. Kh2 Bf8 33. Rxd7 Bxa4 34. Rb7
Qc6 35. d7 Qxb7 36. d8=Q Bxb5 37. e5 Qd7 38. Qxa5 Nd3 39. exf6 gxf6 40. Qa2+
Kg7 41. Qb3 Nc5 42. Qe3 Bc6 43. Nh4 Bxg2 44. Kxg2 Qd5+ 45. Qf3 Qb3 46. Nf5+ Kf7
47. Qc6 Qxb2 48. Qd5+ Ke8 49. Bd6 Qb7 50. Qxb7 Nxb7 51. Bxf8 Kxf8 52. Kg3 Kf7
53. f4 Nc5 54. Ne3 Ne4+ 55. Kf3 Nd6 56. f5 Kg7 57. Kf4 h6 58. Nd5 Kf7 59. Nc7
Nc4 60. Nd5 Ne5 61. Ne3 Nd3+ 62. Kg3 Ne5 63. Nd5 Nd3 64. Nf4 Nc5 65. Kf3 Nd7
66. Ke4 Ne5 67. Ke3 Nc4+ 68. Kf3 Ne5+ 69. Kg3 Nd7 70. Kh4 Kg7 71. Kh5 Ne5 72.
Ne6+ Kh7 73. Kh4 Nf3+ 74. Kg3 Ne5 75. Kf4 Nd3+ 76. Ke3 Ne5 77. Nf4 Kg7 78. Kd4
Nf3+ 79. Kd5 Ng5 80. Kd6 Kf7 81. Kd5 Nf3 82. Ke4 Ng5+ 83. Ke3 Kg7 84. h4 Nf7
85. Nh5+ Kf8 86. Nxf6 Nd6 87. Kf4 {RWukits gibt auf}  1-0

[Event "1. OEsterreichische Internet Schach Meisterschaft - Vorrunde 1"]
[Site "Online - Playchess.com"]
[Date ""]
[Round "7"]
[Board "25"]
[White "Mostbauer, Florian"]
[Black "Grafenberger, Dieter"]
[Result "1-0"]
[WhiteElo "2309"]
[BlackElo "1953"]
[PlyCount "93"]
[EventDate "2020.04.11"]
[EventRounds "9"]
[EventCountry "AUT"]

1. c4 e5 2. g3 Be7 3. Bg2 h5 4. h4 Nf6 5. Nc3 Nc6 6. Nf3 d6 7. d4 exd4 8. Nxd4
Bd7 9. b3 Ng4 10. Nxc6 Bxc6 11. Nd5 Bxd5 12. Qxd5 c6 13. Qd2 Bf6 14. Rb1 Qb6
15. e3 Qc7 16. Ba3 c5 17. Rd1 Rd8 18. Bb2 Bxb2 19. Qxb2 O-O 20. O-O Qe7 21. Qc2
b6 22. Qf5 g6 23. Qf4 Rfe8 24. Rd2 Nh6 25. Bh3 Kg7 26. Rfd1 Qf6 27. Qxf6+ Kxf6
28. Rxd6+ Rxd6 29. Rxd6+ Kg7 30. Rd7 Nf5 31. Bxf5 gxf5 32. Rxa7 Rd8 33. Ra6 Rd6
34. a4 Rd3 35. Rxb6 f6 36. Rb5 Kf7 37. a5 Rd1+ 38. Kg2 Ra1 39. Rxc5 Ke6 40. b4
Kd6 41. Rxf5 Rc1 42. Rxf6+ Ke5 43. Rh6 Rxc4 44. Rxh5+ Ke4 45. b5 Ra4 46. a6 Kd3
47. Rf5  1-0

[Event "1. OEsterreichische Internet Schach Meisterschaft - Vorrunde 1"]
[Site "Online - Playchess.com"]
[Date ""]
[Round "7"]
[Board "26"]
[White "Enoeckl, Philipp"]
[Black "Kucharski, Michael"]
[Result "1-0"]
[WhiteElo "2276"]
[BlackElo "1927"]
[PlyCount "137"]
[EventDate "2020.04.11"]
[EventRounds "9"]
[EventCountry "AUT"]

1. d4 d5 2. Bg5 c6 3. Nf3 Bf5 4. e3 Nd7 5. c4 Ngf6 6. Qb3 Qb6 7. Nc3 e6 8. c5
Qxb3 9. axb3 a6 10. b4 Rc8 11. h3 h6 12. Bf4 Ne4 13. Bh2 Be7 14. Nd2 Nxd2 15.
Kxd2 O-O 16. g4 Bg6 17. Rg1 f6 18. f4 Bf7 19. Bd3 Rfe8 20. h4 e5 21. Bf5 Rcd8
22. g5 exd4 23. exd4 fxg5 24. fxg5 hxg5 25. hxg5 g6 26. Bxd7 Rxd7 27. Be5 Bf8
28. Rae1 Rde7 29. Bf6 Rxe1 30. Rxe1 Rxe1 31. Kxe1 Be6 32. Kf2 Kf7 33. Kg3 Bc8
34. Kf4 Ke6 35. Na4 Bd7 36. Nb6 Be8 37. Na4 Bd7 38. Nc3 Bc8 39. Nd1 Kf7 40. Ne3
Be7 41. Bxe7 Kxe7 42. Ke5 Bh3 43. Nd1 Be6 44. Nf2 Bf5 45. Nh1 Be6 46. Ng3 Bg4
47. Kf4 Be6 48. Nf1 Bf5 49. Nd2 Ke6 50. Nb3 Ke7 51. Na5 Bc8 52. Ke5 Kd8 53. Kf6
Bf5 54. Nxb7+ Kc7 55. Nd6 Bd3 56. Nf7 Kb7 57. Ne5 Bc2 58. Nxg6 a5 59. bxa5 Ka6
60. Ne5 Kxa5 61. g6 Kb5 62. Kf7 Kb4 63. g7 Bh7 64. g8=Q Bxg8+ 65. Kxg8 Kb3 66.
Nxc6 Kxb2 67. Kf7 Kc3 68. Ke6 Kc4 69. Kd6  1-0

[Event "1. OEsterreichische Internet Schach Meisterschaft - Vorrunde 1"]
[Site "Online - Playchess.com"]
[Date ""]
[Round "7"]
[Board "27"]
[White "Belke, Frank"]
[Black "Pali, Philipp"]
[Result "1-0"]
[WhiteElo "2273"]
[BlackElo "2245"]
[PlyCount "159"]
[EventDate "2020.04.11"]
[EventRounds "9"]
[EventCountry "AUT"]

1. d4 Nf6 2. c4 e6 3. Nc3 d5 4. Bg5 Bb4 5. Qc2 O-O 6. Nf3 dxc4 7. e4 c5 8. dxc5
Qa5 9. Bxf6 gxf6 10. Bxc4 Qxc5 11. Bb3 Nc6 12. O-O b6 13. Rac1 Ba6 14. Rfd1
Rfd8 15. h3 Ne5 16. Nxe5 Qxe5 17. Rxd8+ Rxd8 18. Rd1 Rxd1+ 19. Nxd1 Bc5 20. Bc4
Bb7 21. Qe2 Qxe4 22. Qxe4 Bxe4 23. Nc3 Bb7 24. a3 Bd4 25. a4 Bxc3 26. bxc3 Kf8
27. g3 Ke7 28. Kf1 Kd6 29. Ke2 Kc5 30. Bd3 Bc6 31. Bxh7 Bxa4 32. Kd2 Bc6 33.
Bd3 f5 34. h4 Kd6 35. Ba6 Ke5 36. Ke3 Kf6 37. f4 Ke7 38. Kd4 f6 39. c4 Kd6 40.
Bc8 e5+ 41. Ke3 Bd7 42. Ba6 Be6 43. Kd3 Bf7 44. Kc3 Kc5 45. Bc8 Bxc4 46. Bxf5
exf4 47. gxf4 b5 48. h5 b4+ 49. Kb2 a5 50. h6 Bg8 51. h7 Bxh7 52. Bxh7 a4 53.
Bg8 Kd4 54. Bh7 Kc4 55. Bg8+ Kd3 56. Be6 Kd4 57. Bd7 a3+ 58. Kb3 Ke3 59. f5 Kd2
60. Be6 Kc1 61. Kxb4 Kb2 62. Kc5 a2 63. Bxa2 Kxa2 64. Kd5 Kb3 65. Ke6 Kb4 66.
Kxf6 Kc5 67. Ke7 Kc4 68. f6 Kd3 69. f7 Ke3 70. f8=Q Kd4 71. Qf5 Ke3 72. Qg4 Kd3
73. Kd6 Kc3 74. Kd5 Kb3 75. Qc4+ Kb2 76. Qd3 Ka2 77. Kc4 Kb2 78. Qd2+ Kb1 79.
Kb3 Ka1 80. Qa2#  1-0

[Event "1. OEsterreichische Internet Schach Meisterschaft - Vorrunde 1"]
[Site "Online - Playchess.com"]
[Date ""]
[Round "7"]
[Board "28"]
[White "Ragger, Anna-Christina"]
[Black "Glaner, Marcus Franz"]
[Result "1-0"]
[WhiteElo "2204"]
[BlackElo "1939"]
[PlyCount "73"]
[EventDate "2020.04.11"]
[EventRounds "9"]
[EventCountry "AUT"]

1. d4 Nf6 2. c3 g6 3. Bg5 Bg7 4. Nf3 d6 5. Nbd2 Nc6 6. e4 e5 7. dxe5 Nxe5 8.
Nxe5 dxe5 9. Bc4 Qe7 10. O-O Be6 11. Qa4+ c6 12. Bxe6 Qxe6 13. Rfd1 O-O 14. f3
h6 15. Be3 b6 16. Qb3 Qe7 17. Nc4 Nd7 18. Nd6 Kh8 19. Rd2 f5 20. Rad1 Nf6 21.
exf5 Nd5 22. Rxd5 cxd5 23. Qxd5 gxf5 24. Nxf5 Rxf5 25. Qxa8+ Rf8 26. Qd5 Qh4
27. Qe4 Qe7 28. Bf2 Qe6 29. b3 Rc8 30. c4 Qe7 31. h3 Qa3 32. Rd7 Qxa2 33. Qg6
Rg8 34. Bg3 Qb2 35. Kh2 a5 36. Re7 Bf8 37. Qh7#  1-0

[Event "1. OEsterreichische Internet Schach Meisterschaft - Vorrunde 1"]
[Site "Online - Playchess.com"]
[Date ""]
[Round "7"]
[Board "29"]
[White "Moritz, Christian"]
[Black "Novkovic, Julia"]
[Result "1-0"]
[WhiteElo "2077"]
[BlackElo "2170"]
[PlyCount "95"]
[EventDate "2020.04.11"]
[EventRounds "9"]
[EventCountry "AUT"]

1. d4 g6 2. e4 Bg7 3. f4 d6 4. Bd3 Nd7 5. Nf3 e5 6. dxe5 dxe5 7. f5 gxf5 8.
exf5 c6 9. Be3 Ngf6 10. Nbd2 Ng4 11. Bg1 Bf6 12. Qe2 Qa5 13. c3 O-O 14. Ne4 Kh8
15. h3 Nh6 16. g4 Ng8 17. g5 Be7 18. f6 Ngxf6 19. gxf6 Bxf6 20. Nxf6 Nxf6 21.
Ng5 e4 22. Nxe4 Nd5 23. Bd4+ f6 24. Rf1 Bxh3 25. Rh1 Bf5 26. Nxf6 Nxf6 27. Bxf5
Qxf5 28. Qh2 Rae8+ 29. Kd1 Qg4+ 30. Kc2 Qg6+ 31. Kb3 Qf7+ 32. c4 Rg8 33. Raf1
Rg7 34. Rxf6 Qd7 35. Rh6 Kg8 36. Bxg7 Qxg7 37. Rg1 Re3+ 38. Kb4 a5+ 39. Kxa5
Re5+ 40. Kb4 c5+ 41. Kb5 Rg5 42. Rxg5 Qxg5 43. Qb8+ Kg7 44. Rb6 Qd2 45. Qxb7+
Kg8 46. Qc8+ Kf7 47. Qc7+ Ke8 48. Rb8+ {Julka gibt auf}  1-0